000 00625nam a2200181Ia 4500
008 151018s9999 xx 000 0 und d
082 _bRBASDV6877
_a891.463
100 _aचंद्रकांत काकोडकर
245 _aशंकर जयकिसन
250 _b2
260 _bभारतीय पॉकेट बुक्स
_c1969
300 _a100
600 _aचंद्रकांत काकोडकर
630 _aशंकर जयकिसन
700 _aचंद्रकांत काकोडकर
730 _aशंकर जयकिसन
942 _cBOOK
999 _c1009246
_d1009243